| 000 | 00679nam a2200181 i 4500 | ||
|---|---|---|---|
| 001 | 125443 | ||
| 003 | ES-MaACL | ||
| 005 | 20230906192629.0 | ||
| 007 | t| | ||
| 008 | 070611s1948 sp ||||1| spa d | ||
| 100 | 1 |
_aSerra i Vilaró, J. _9105638 |
|
| 245 | 1 | 0 | _aVíctimas sacerdotales del Arzobispado de Tarragona durante la persecucción religiosa del 1936 al 1939. |
| 260 |
_a[Tarragona : _bs.n., _c1948?] ( _fImp. Suc. de Torres & Virgili) |
||
| 300 |
_a318 p., 1 h. de lám. : _bil. ; _c17 cm. |
||
| 500 | _aEncabezamiento tomado de la p. 9. | ||
| 651 | 4 |
_aEspaña- _xHistoria- _y1936-1939, Guerra civil- _xAspectos religiosos. _98294 |
|
| 852 |
_aES-MaACL _jC-4886 _bR.25398 |
||
| 999 |
_c125443 _d125443 |
||